[Event "Montcalm V 2007-08"]
[Site "Quebec CAN"]
[Date "2008.02.14"]
[Round "1"]
[White "Fortier, Bertrand"]
[Black "Bernatchez, Dan"]
[Result "0-1"]
[WhiteElo "1650"]
[BlackElo "1978"]
[PlyCount "89"]
[GameId "2160767910413520"]
[EventDate "2008.02.14"]
[EventType "swiss"]
[EventRounds "5"]
[EventCountry "CAN"]
[SourceTitle "EXT 2011"]
[Source "ChessBase"]
[SourceDate "2011.11.26"]
[SourceVersion "1"]
[SourceVersionDate "2011.11.26"]
[SourceQuality "1"]

1. e4 c5 2. Nf3 Nc6 3. d4 cxd4 4. Nxd4 Nf6 5. Nc3 e5 6. Ndb5 d6 7. Bg5 a6 8. Bxf6 gxf6 9. Na3 f5 10. Qh5 b5 11. Nd5 fxe4 12. Bxb5 axb5 13. Nxb5 Ra7 14. Nxa7 Nxa7 15. O-O Be6 16. Rad1 Bg7 17. Qe2 O-O 18. Qxe4 Nc8 19. a4 Ne7 20. Nxe7+ Qxe7 21. Qb4 Rd8 22. a5 Qc7 23. c3 Bc4 24. Rfe1 d5 25. Qa3 Rb8 26. b4 e4 27. Qc1 Qe5 28. Re3 Bh6 29. Rg3+ Qxg3 30. Qxh6 Qxc3 31. a6 Ra8 32. b5 Bxb5 33. Qg5+ Kf8 34. a7 Rxa7 35. h4 Be8 36. Rxd5 Ra1+ 37. Kh2 Qc7+ 38. g3 Qc1 39. Qxc1 Rxc1 40. g4 Rc3 41. Re5 Bc6 42. g5 Kg7 43. f4 exf3 44. Kg3 Rc2 45. Re1 0-1

[Event "Montcalm V 2007-08"]
[Site "Quebec CAN"]
[Date "2008.02.14"]
[Round "1"]
[White "Lemelin, Marc"]
[Black "Auger, Bertrand"]
[Result "0-1"]
[WhiteElo "1723"]
[BlackElo "2001"]
[PlyCount "84"]
[GameId "2160767910413521"]
[EventDate "2008.02.14"]
[EventType "swiss"]
[EventRounds "5"]
[EventCountry "CAN"]
[SourceTitle "EXT 2011"]
[Source "ChessBase"]
[SourceDate "2011.11.26"]
[SourceVersion "1"]
[SourceVersionDate "2011.11.26"]
[SourceQuality "1"]

1. d4 Nf6 2. c4 e6 3. Nc3 Bb4 4. Qc2 O-O 5. a3 Bxc3+ 6. Qxc3 b6 7. e3 Ne4 8. Qc2 f5 9. f3 Nf6 10. Bd3 Bb7 11. Nh3 Nc6 12. O-O a5 13. b3 Qe7 14. Bb2 d6 15. Rae1 Rae8 16. Nf4 Nd8 17. e4 fxe4 18. fxe4 e5 19. Nd5 Nxd5 20. exd5 Rxf1+ 21. Kxf1 Qh4 22. g3 Qh5 23. Kg1 Nf7 24. Re4 Ng5 25. Be2 Qg6 26. Bd3 Nxe4 27. Bxe4 Qh5 28. dxe5 dxe5 29. b4 axb4 30. axb4 Rf8 31. c5 Qf7 32. Qg2 bxc5 33. bxc5 Rd8 34. d6 Bxe4 35. Qxe4 cxd6 36. cxd6 Rf8 37. Qe2 Qa7+ 38. Kg2 Qb7+ 39. Kg1 Qb6+ 40. Kg2 Qc6+ 41. Kg1 Qxd6 42. Qxe5 Qd1+ 0-1

[Event "Montcalm V 2007-08"]
[Site "Quebec CAN"]
[Date "2008.02.14"]
[Round "1"]
[White "Sauve, Richard"]
[Black "Ouimet, Eric"]
[Result "1/2-1/2"]
[WhiteElo "1986"]
[BlackElo "1658"]
[PlyCount "100"]
[GameId "2160767910413522"]
[EventDate "2008.02.14"]
[EventType "swiss"]
[EventRounds "5"]
[EventCountry "CAN"]
[SourceTitle "EXT 2011"]
[Source "ChessBase"]
[SourceDate "2011.11.26"]
[SourceVersion "1"]
[SourceVersionDate "2011.11.26"]
[SourceQuality "1"]

1. d4 f5 2. c4 e6 3. Nf3 Nf6 4. g3 c6 5. Bg2 Be7 6. O-O d5 7. b3 O-O 8. Ba3 Bd7 9. Bxe7 Qxe7 10. Nbd2 Be8 11. Ne5 Nbd7 12. Nxd7 Nxd7 13. cxd5 exd5 14. e3 Bg6 15. b4 Nf6 16. Qb3 Kh8 17. b5 Ne4 18. Nxe4 fxe4 19. bxc6 bxc6 20. Rab1 Rfb8 21. Qxb8+ Rxb8 22. Rxb8+ Be8 23. Rfb1 h6 24. Bh3 Qf7 25. Ra8 Kh7 26. Rbb8 Qh5 27. Bf1 Bd7 28. Rxa7 Be6 29. Rab7 Qd1 30. Rb1 Qa4 31. R8b2 Qa3 32. Be2 Bh3 33. Bd1 Qc3 34. Bb3 Qa5 35. Rc2 Qa6 36. Rbc1 Qd3 37. Ba4 c5 38. dxc5 d4 39. Bb5 Qxb5 40. exd4 Qd3 41. Rc3 Qxd4 42. c6 Qd5 43. Rc5 Qxa2 44. c7 e3 45. R5c2 exf2+ 46. Rxf2 Qa6 47. Rfc2 Qb6+ 48. Rc5 Qb2 49. R5c2 Qb6+ 50. Rc5 Qb2 1/2-1/2

[Event "Montcalm V 2007-08"]
[Site "Quebec CAN"]
[Date "2008.02.21"]
[Round "2"]
[White "Auger, Bertrand"]
[Black "Cournoyer, Dominic"]
[Result "1/2-1/2"]
[WhiteElo "2001"]
[BlackElo "1917"]
[PlyCount "135"]
[GameId "2160767910413523"]
[EventDate "2008.02.14"]
[EventType "swiss"]
[EventRounds "5"]
[EventCountry "CAN"]
[SourceTitle "EXT 2011"]
[Source "ChessBase"]
[SourceDate "2011.11.26"]
[SourceVersion "1"]
[SourceVersionDate "2011.11.26"]
[SourceQuality "1"]

1. Nf3 f5 2. g3 Nf6 3. Bg2 d5 4. c4 c6 5. cxd5 cxd5 6. Nc3 e6 7. O-O Nc6 8. d3 Bd6 9. Nb5 Bb8 10. Be3 a6 11. Nbd4 Nxd4 12. Bxd4 Bd6 13. Rc1 O-O 14. Bc5 Bxc5 15. Rxc5 Bd7 16. Qd2 Qb6 17. Rfc1 Rac8 18. b4 Rxc5 19. bxc5 Qc7 20. Qb2 Bc6 21. Rb1 Nd7 22. d4 f4 23. e3 fxe3 24. fxe3 Qa5 25. Ng5 Rf6 26. Qc2 g6 27. Bh3 Qa3 28. Qd2 Nf8 29. Bf1 h6 30. Nh3 Nd7 31. Nf4 g5 32. Nh5 Rf7 33. Be2 Nf6 34. Nxf6+ Rxf6 35. Rb3 Qa4 36. Rb6 Rf8 37. Bd3 e5 38. Be2 exd4 39. exd4 Re8 40. Bf3 Qa3 41. Rb3 Qa4 42. Bd1 Re4 43. Rb4 Qa5 44. Bf3 Re7 45. Qb2 Qc7 46. Qb1 Re6 47. Qf5 Qf7 48. Qxf7+ Kxf7 49. Kf2 Rf6 50. Ke3 Ke7 51. Rb2 Re6+ 52. Kd2 Rf6 53. Rb3 Re6 54. Re3 Rxe3 55. Kxe3 Ke6 56. Bg4+ Kf6 57. Bc8 Ke7 58. Kf3 h5 59. h4 Kf6 60. hxg5+ Kxg5 61. Be6 Kf6 62. Bh3 Kg5 63. Bc8 a5 64. a3 a4 65. Be6 Kf6 66. Bh3 Bb5 67. Kf4 Be8 68. Bg2 1/2-1/2

[Event "Montcalm V 2007-08"]
[Site "Quebec CAN"]
[Date "2008.02.21"]
[Round "2"]
[White "Bernatchez, Dan"]
[Black "Myre, Eric"]
[Result "1/2-1/2"]
[WhiteElo "1978"]
[BlackElo "1904"]
[PlyCount "80"]
[GameId "2160767910413524"]
[EventDate "2008.02.14"]
[EventType "swiss"]
[EventRounds "5"]
[EventCountry "CAN"]
[SourceTitle "EXT 2011"]
[Source "ChessBase"]
[SourceDate "2011.11.26"]
[SourceVersion "1"]
[SourceVersionDate "2011.11.26"]
[SourceQuality "1"]

1. e4 c5 2. Nf3 Nc6 3. d4 cxd4 4. Nxd4 g6 5. Nc3 Bg7 6. Be3 Nf6 7. Be2 O-O 8. f4 d6 9. Nb3 Be6 10. g4 Na5 11. g5 Nd7 12. Bd4 Bxd4 13. Qxd4 Nxb3 14. axb3 Qb6 15. Qd2 Nc5 16. Na4 Qc6 17. Nxc5 Qxc5 18. b4 Qc6 19. Bf3 Rfc8 20. c3 Qb6 21. h4 a5 22. bxa5 Rxa5 23. Rxa5 Qxa5 24. O-O Rc4 25. Qf2 d5 26. f5 gxf5 27. exf5 Bd7 28. b4 Qc7 29. g6 hxg6 30. fxg6 Bh3 31. Bxd5 Rg4+ 32. Kh1 e6 33. Qxf7+ Qxf7 34. gxf7+ Kf8 35. Bxe6 Rxh4 36. Bxh3 Rxh3+ 37. Kg2 Rxc3 38. Rf4 Rc7 39. Kf3 Rxf7 40. b5 Rxf4+ 1/2-1/2

[Event "Montcalm V 2007-08"]
[Site "Quebec CAN"]
[Date "2008.02.21"]
[Round "2"]
[White "Bourassa, Andre"]
[Black "Sauve, Richard"]
[Result "0-1"]
[WhiteElo "1707"]
[BlackElo "1985"]
[PlyCount "44"]
[GameId "2160767910413525"]
[EventDate "2008.02.14"]
[EventType "swiss"]
[EventRounds "5"]
[EventCountry "CAN"]

1. d4 d5 2. c4 e6 3. Nc3 c6 4. e3 Bd6 5. Bd3 Nd7 6. Qc2 Ngf6 7. f4 O-O 8. Nf3 b6 9. g4 dxc4 10. Bxc4 Bb7 11. Rg1 c5 12. e4 cxd4 13. Nxd4 Qc7 14. Ncb5 Bb4+ 15. Ke2 Qc5 16. Be3 Bxe4 17. Qb3 Qe7 18. Bxe6 fxe6 19. Nxe6 Bd5 20. Nxf8 Bxb3 21. axb3 Bc5 22. Rg3 Rxf8 0-1

[Event "Montcalm V 2007-08"]
[Site "Quebec CAN"]
[Date "2008.02.21"]
[Round "2"]
[White "Chiffot, Nicolas"]
[Black "Caire, Francois"]
[Result "0-1"]
[WhiteElo "1923"]
[BlackElo "2177"]
[PlyCount "52"]
[GameId "2160767910413526"]
[EventDate "2008.02.14"]
[EventType "swiss"]
[EventRounds "5"]
[EventCountry "CAN"]
[SourceTitle "EXT 2011"]
[Source "ChessBase"]
[SourceDate "2011.11.26"]
[SourceVersion "1"]
[SourceVersionDate "2011.11.26"]
[SourceQuality "1"]

1. d4 Nf6 2. c4 e6 3. Nc3 Bb4 4. Qc2 O-O 5. Bg5 c5 6. dxc5 Na6 7. g3 Nxc5 8. Bg2 h6 9. Bd2 d6 10. a3 Bxc3 11. Bxc3 e5 12. b4 Ne6 13. Nf3 Bd7 14. O-O Rc8 15. Qb3 Qc7 16. Rac1 Qxc4 17. Qb2 Qa6 18. Rfd1 Ba4 19. Nh4 Bxd1 20. Rxd1 Qc4 21. Rc1 Nd4 22. Bf1 Nb5 23. e3 Qc6 24. Nf5 Qd7 25. Bxb5 Qxf5 26. Rd1 Rxc3 0-1

[Event "Montcalm V 2007-08"]
[Site "Quebec CAN"]
[Date "2008.02.28"]
[Round "3"]
[White "Bernatchez, Dan"]
[Black "Auger, Bertrand"]
[Result "0-1"]
[WhiteElo "1978"]
[BlackElo "2001"]
[PlyCount "74"]
[GameId "2160767910413527"]
[EventDate "2008.02.14"]
[EventType "swiss"]
[EventRounds "5"]
[EventCountry "CAN"]
[SourceTitle "EXT 2011"]
[Source "ChessBase"]
[SourceDate "2011.11.26"]
[SourceVersion "1"]
[SourceVersionDate "2011.11.26"]
[SourceQuality "1"]

1. e4 e6 2. d4 d5 3. Nd2 Nf6 4. e5 Nfd7 5. f4 c5 6. Ndf3 Nc6 7. c3 cxd4 8. cxd4 Bb4+ 9. Kf2 O-O 10. g3 Qb6 11. Kg2 f6 12. Bd3 fxe5 13. fxe5 h6 14. Ne2 Rf7 15. Bg6 Rxf3 16. Kxf3 Ndxe5+ 17. dxe5 Nxe5+ 18. Kg2 Nxg6 19. Nf4 Nxf4+ 20. Bxf4 Bd7 21. Bxh6 Bc5 22. Bxg7 d4 23. Be5 Qc6+ 24. Kh3 Qe4 25. Qg4+ Qxg4+ 26. Kxg4 Bb5 27. h4 Rf8 28. Bf4 e5 29. Bxe5 Bd7+ 30. Kg5 Rf5+ 31. Kg6 Rxe5 32. Rae1 Re3 33. Rxe3 dxe3 34. Re1 Bb5 35. b4 Bd3+ 36. Kh5 Bd4 37. Kg4 e2 0-1

[Event "Montcalm V 2007-08"]
[Site "Quebec CAN"]
[Date "2008.02.28"]
[Round "3"]
[White "Caire, Francois"]
[Black "Caron, Sebastien"]
[Result "1-0"]
[WhiteElo "2177"]
[BlackElo "1936"]
[PlyCount "77"]
[GameId "2160767910413528"]
[EventDate "2008.02.14"]
[EventType "swiss"]
[EventRounds "5"]
[EventCountry "CAN"]
[SourceTitle "EXT 2011"]
[Source "ChessBase"]
[SourceDate "2011.11.26"]
[SourceVersion "1"]
[SourceVersionDate "2011.11.26"]
[SourceQuality "1"]

1. d4 Nf6 2. c4 g6 3. g3 Bg7 4. Bg2 d6 5. Nc3 O-O 6. Nf3 Nbd7 7. O-O e5 8. e4 exd4 9. Nxd4 Ne5 10. b3 Bd7 11. h3 Re8 12. Qc2 Nc6 13. Nxc6 Bxc6 14. Rb1 Nd7 15. Nd5 Nc5 16. Be3 Ne6 17. Rbd1 Bd7 18. f4 c6 19. Nc3 Qe7 20. Qd2 Red8 21. Ne2 Be8 22. g4 Nc7 23. Ng3 f6 24. Qf2 Bf7 25. Bxa7 b5 26. cxb5 Nxb5 27. Bb6 Rdb8 28. a4 Bxb3 29. axb5 Bxd1 30. Rxd1 Ra3 31. bxc6 Rxb6 32. Qxb6 Rxg3 33. c7 Rxg2+ 34. Kxg2 Qxe4+ 35. Kg3 h5 36. c8=Q+ Kh7 37. gxh5 Kh6 38. hxg6 f5 39. Qcd8 1-0

[Event "Montcalm V 2007-08"]
[Site "Quebec CAN"]
[Date "2008.02.28"]
[Round "3"]
[White "Daigle, Robert"]
[Black "Bourassa, Andre"]
[Result "0-1"]
[WhiteElo "1380"]
[BlackElo "1707"]
[PlyCount "64"]
[GameId "2160767910413529"]
[EventDate "2008.02.14"]
[EventType "swiss"]
[EventRounds "5"]
[EventCountry "CAN"]
[SourceTitle "EXT 2011"]
[Source "ChessBase"]
[SourceDate "2011.11.26"]
[SourceVersion "1"]
[SourceVersionDate "2011.11.26"]
[SourceQuality "1"]

1. e4 c5 2. c4 g6 3. Nf3 Bg7 4. Nc3 Nc6 5. Be2 e6 6. O-O Nge7 7. Nb5 d6 8. Rb1 a6 9. Qa4 O-O 10. Nc3 Bd7 11. Qd1 Nd4 12. b3 Bc6 13. Bd3 f5 14. Bb2 Nxf3+ 15. gxf3 fxe4 16. fxe4 Nf5 17. Ne2 Nd4 18. Bxd4 cxd4 19. Ng3 Qg5 20. f3 Be5 21. Kf2 Rf7 22. Qe2 Raf8 23. Ke1 Bxg3+ 24. hxg3 Qxg3+ 25. Kd1 Rxf3 26. Rxf3 Rxf3 27. Kc2 Rf2 28. Qe1 Qf4 29. Rd1 e5 30. Qh1 Bd7 31. Qe1 Bg4 32. Rb1 h5 0-1

[Event "Montcalm V 2007-08"]
[Site "Quebec CAN"]
[Date "2008.02.28"]
[Round "3"]
[White "Dumont, Eric"]
[Black "Pelletier, Sophie"]
[Result "1-0"]
[WhiteElo "1658"]
[BlackElo "1143"]
[PlyCount "30"]
[GameId "2160767910413530"]
[EventDate "2008.02.14"]
[EventType "swiss"]
[EventRounds "5"]
[EventCountry "CAN"]
[SourceTitle "EXT 2011"]
[Source "ChessBase"]
[SourceDate "2011.11.26"]
[SourceVersion "1"]
[SourceVersionDate "2011.11.26"]
[SourceQuality "1"]

1. g4 e5 2. Bg2 Bc5 3. c4 Qh4 4. e3 d6 5. h3 Nc6 6. Nf3 Qe7 7. Nc3 Be6 8. Qa4 Nf6 9. a3 Qd7 10. Ng5 O-O 11. Nxe6 fxe6 12. b4 Bb6 13. Bb2 e4 14. Nxe4 Ne5 15. Qc2 Qc6 1-0

[Event "Montcalm V 2007-08"]
[Site "Quebec CAN"]
[Date "2008.02.28"]
[Round "3"]
[White "Sauve, Richard"]
[Black "Cournoyer, Dominic"]
[Result "1-0"]
[WhiteElo "1986"]
[BlackElo "1917"]
[PlyCount "57"]
[GameId "2160767910413531"]
[EventDate "2008.02.14"]
[EventType "swiss"]
[EventRounds "5"]
[EventCountry "CAN"]
[SourceTitle "EXT 2011"]
[Source "ChessBase"]
[SourceDate "2011.11.26"]
[SourceVersion "1"]
[SourceVersionDate "2011.11.26"]
[SourceQuality "1"]

1. d4 f5 2. c4 Nf6 3. Nc3 e6 4. Nf3 c6 5. g3 d5 6. Bg2 Be7 7. O-O O-O 8. Bf4 Nh5 9. e3 Nf6 10. Qb3 b6 11. cxd5 cxd5 12. Rfc1 Bd7 13. Ne5 Be8 14. a4 Na6 15. Nb5 Ne4 16. Nd3 Bh5 17. Bc7 Qe8 18. Ne5 g5 19. Nc6 Bf6 20. Rc2 Rc8 21. Ncxa7 Rxc7 22. Nxc7 Nxc7 23. Rxc7 f4 24. Nc6 fxe3 25. Qxe3 Nxf2 26. Qxf2 Bd8 27. Rc8 Rxf2 28. Rxd8 Qxd8 29. Nxd8 1-0

[Event "Montcalm V 2007-08"]
[Site "Quebec CAN"]
[Date "2008.03.06"]
[Round "4"]
[White "Auger, Bertrand"]
[Black "Caire, Francois"]
[Result "0-1"]
[WhiteElo "2001"]
[BlackElo "2177"]
[PlyCount "90"]
[GameId "2160767910413532"]
[EventDate "2008.02.14"]
[EventType "swiss"]
[EventRounds "5"]
[EventCountry "CAN"]
[SourceTitle "EXT 2011"]
[Source "ChessBase"]
[SourceDate "2011.11.26"]
[SourceVersion "1"]
[SourceVersionDate "2011.11.26"]
[SourceQuality "1"]

1. Nf3 Nf6 2. g3 b6 3. Bg2 Bb7 4. O-O e6 5. c4 Be7 6. Nc3 O-O 7. d4 Na6 8. a3 d5 9. Ne5 c5 10. Be3 cxd4 11. Bxd4 Nc5 12. cxd5 Nxd5 13. Nxd5 Bxd5 14. Nc6 Bxc6 15. Bxc6 Rc8 16. Bg2 Bf6 17. Bxf6 Qxf6 18. b4 Rfd8 19. Qb1 Na4 20. Qe4 Rd7 21. Qe3 g6 22. Be4 Kg7 23. Qf3 Rc3 24. e3 Rd2 25. Qxf6+ Kxf6 26. Rfc1 Ra2 27. Rxa2 Rxc1+ 28. Kg2 Nc3 29. Rc2 Rxc2 30. Bxc2 Nb5 31. a4 Nc7 32. a5 Nd5 33. axb6 axb6 34. b5 Ke5 35. f4+ Kd6 36. Kf3 Nc3 37. g4 Nxb5 38. g5 Nc3 39. e4 b5 40. h4 Kc5 41. f5 Kd4 42. f6 Na4 43. Kf4 Nc5 44. Kf3 b4 45. Bb1 b3 0-1

[Event "Montcalm V 2007-08"]
[Site "Quebec CAN"]
[Date "2008.03.06"]
[Round "4"]
[White "Bourassa, Andre"]
[Black "Bernatchez, Dan"]
[Result "1/2-1/2"]
[WhiteElo "1707"]
[BlackElo "1978"]
[PlyCount "101"]
[GameId "2160767910413533"]
[EventDate "2008.02.14"]
[EventType "swiss"]
[EventRounds "5"]
[EventCountry "CAN"]
[SourceTitle "EXT 2011"]
[Source "ChessBase"]
[SourceDate "2011.11.26"]
[SourceVersion "1"]
[SourceVersionDate "2011.11.26"]
[SourceQuality "1"]

1. d4 Nf6 2. c4 e6 3. Nc3 Bb4 4. Bg5 c5 5. a3 Bxc3+ 6. bxc3 h6 7. Bxf6 Qxf6 8. e3 Nc6 9. Bd3 d6 10. Nf3 e5 11. Be4 O-O 12. Qd3 Qe7 13. O-O f5 14. Bd5+ Kh8 15. e4 cxd4 16. cxd4 exd4 17. Nxd4 Ne5 18. Qe2 f4 19. f3 g5 20. Rab1 Rb8 21. Rb3 b6 22. Qb2 Qf6 23. Nc6 Nxc6 24. Qxf6+ Rxf6 25. Bxc6 Be6 26. Rc3 Rc8 27. Bd5 Bxd5 28. exd5 Rf5 29. Re1 Rxd5 30. Re6 Rd4 31. Rxh6+ Kg7 32. Re6 Rcxc4 33. Rxc4 Rxc4 34. Rxd6 Ra4 35. Rd3 Kf6 36. g3 Kf5 37. g4+ Ke5 38. h4 gxh4 39. Kg2 Rc4 40. Kh3 Rc1 41. Kxh4 Re1 42. Rd7 Re3 43. Rxa7 Rxf3 44. Ra4 Rb3 45. Ra8 Ke4 46. g5 Rg3 47. Rb8 Rxa3 48. Rxb6 Rg3 49. Re6+ Kf3 50. Kh5 Rh3+ 51. Kg6 1/2-1/2

[Event "Montcalm V 2007-08"]
[Site "Quebec CAN"]
[Date "2008.03.06"]
[Round "4"]
[White "Caron, Sebastien"]
[Black "Sauve, Richard"]
[Result "0-1"]
[WhiteElo "1936"]
[BlackElo "1986"]
[PlyCount "86"]
[GameId "2160767910413534"]
[EventDate "2008.02.14"]
[EventType "swiss"]
[EventRounds "5"]
[EventCountry "CAN"]
[SourceTitle "EXT 2011"]
[Source "ChessBase"]
[SourceDate "2011.11.26"]
[SourceVersion "1"]
[SourceVersionDate "2011.11.26"]
[SourceQuality "1"]

1. e4 e6 2. d4 d5 3. Nd2 Nf6 4. e5 Nfd7 5. f4 c5 6. c3 Nc6 7. Ndf3 cxd4 8. cxd4 Qb6 9. g3 f6 10. Bh3 fxe5 11. fxe5 Bb4+ 12. Kf1 O-O 13. Kg2 Ndxe5 14. dxe5 Nxe5 15. Qe2 Nxf3 16. Nxf3 e5 17. Bxc8 Raxc8 18. Nxe5 Qe6 19. Bf4 Rf5 20. h4 Bd6 21. Rhf1 h5 22. Rae1 Re8 23. Qe3 Bxe5 24. Re2 Ref8 25. Ree1 Qf7 26. Qd2 d4 27. Qe2 Bxf4 28. gxf4 Rxf4 29. Rxf4 Qxf4 30. Qe6+ Kh8 31. Qe2 Qf5 32. Rd1 Qd5+ 33. Kg3 Rf6 34. Qd3 Qd6+ 35. Kh3 Rg6 36. Re1 Qd7+ 37. Kh2 Qg4 38. Qh3 Qf4+ 39. Kh1 Qg4 40. Kh2 d3 41. Re8+ Kh7 42. Qf1 Qxh4+ 43. Qh3 Qf2+ 0-1

[Event "Montcalm V 2007-08"]
[Site "Quebec CAN"]
[Date "2008.03.06"]
[Round "4"]
[White "Cournoyer, Dominic"]
[Black "Dube, Daniel"]
[Result "1-0"]
[WhiteElo "1917"]
[BlackElo "1536"]
[PlyCount "75"]
[GameId "2160767910413535"]
[EventDate "2008.02.14"]
[EventType "swiss"]
[EventRounds "5"]
[EventCountry "CAN"]
[SourceTitle "EXT 2011"]
[Source "ChessBase"]
[SourceDate "2011.11.26"]
[SourceVersion "1"]
[SourceVersionDate "2011.11.26"]
[SourceQuality "1"]

1. d3 d5 2. f4 g6 3. Nf3 Nf6 4. e3 Bg4 5. Be2 Nbd7 6. O-O Bg7 7. Nc3 O-O 8. h3 Bxf3 9. Bxf3 c6 10. Bd2 e5 11. fxe5 Nxe5 12. Rb1 Qc7 13. Re1 Rad8 14. Qe2 Rfe8 15. Qf2 Re7 16. e4 d4 17. Ne2 c5 18. Bf4 Nfd7 19. Bg3 Bh6 20. Nf4 Bxf4 21. Bxf4 Qa5 22. a3 f6 23. Rf1 g5 24. Bg3 Rf8 25. Bh5 Ng6 26. Bxg6 hxg6 27. Bd6 Ref7 28. Bxf8 Nxf8 29. e5 f5 30. Qe1 Qa6 31. b4 b6 32. bxc5 bxc5 33. Rb8 Kg7 34. Qc1 Ne6 35. Qb2 Nf4 36. Qb5 Qxa3 37. Qe8 Rc7 38. Qh8+ 1-0

[Event "Montcalm V 2007-08"]
[Site "Quebec CAN"]
[Date "2008.03.06"]
[Round "4"]
[White "Cummins, Paul"]
[Black "Dumont, Eric"]
[Result "1-0"]
[WhiteElo "1739"]
[BlackElo "1658"]
[PlyCount "113"]
[GameId "2160767910413536"]
[EventDate "2008.02.14"]
[EventType "swiss"]
[EventRounds "5"]
[EventCountry "CAN"]
[SourceTitle "EXT 2011"]
[Source "ChessBase"]
[SourceDate "2011.11.26"]
[SourceVersion "1"]
[SourceVersionDate "2011.11.26"]
[SourceQuality "1"]

1. d4 d5 2. e4 dxe4 3. Nc3 Nf6 4. Bg5 Bf5 5. f3 exf3 6. Nxf3 e6 7. Qe2 a6 8. O-O-O Bd6 9. Nh4 Bg4 10. Nf3 O-O 11. h3 Bf5 12. g4 Bg6 13. Ne5 Be7 14. Nxg6 hxg6 15. Bg2 c6 16. Rhe1 Ne4 17. Bxe7 Nxc3 18. Qc4 Nxa2+ 19. Qxa2 Qxe7 20. Re5 Nd7 21. Re2 a5 22. Kb1 Qf6 23. c3 a4 24. Rf1 Qh4 25. Ref2 Nb6 26. Be4 Nd5 27. Rf3 a3 28. bxa3 Qe7 29. c4 Nb4 30. Qd2 Na6 31. g5 Nc7 32. Kb2 e5 33. Re1 Ne6 34. Rg3 Nxd4 35. Bxg6 Qc5 36. Bb1 Ra6 37. Ba2 Rfa8 38. g6 f5 39. Kb1 Rxa3 40. Rxa3 Rxa3 41. Qb2 Ra7 42. Rd1 f4 43. Qf2 Qb4+ 44. Qb2 Qxb2+ 45. Kxb2 c5 46. Bb1 Kf8 47. Be4 Ra4 48. Bd5 Rb4+ 49. Ka2 Rb3 50. Re1 Re3 51. Rb1 Re2+ 52. Ka3 f3 53. Rxb7 f2 54. Bg2 Re1 55. Rf7+ Ke8 56. Rxg7 Ra1+ 57. Kb2 1-0

[Event "Montcalm V 2007-08"]
[Site "Quebec CAN"]
[Date "2008.03.13"]
[Round "5"]
[White "Caire, Francois"]
[Black "Sauve, Richard"]
[Result "1/2-1/2"]
[WhiteElo "2177"]
[BlackElo "1986"]
[PlyCount "27"]
[GameId "2160767910413537"]
[EventDate "2008.02.14"]
[EventType "swiss"]
[EventRounds "5"]
[EventCountry "CAN"]
[SourceTitle "EXT 2011"]
[Source "ChessBase"]
[SourceDate "2011.11.26"]
[SourceVersion "1"]
[SourceVersionDate "2011.11.26"]
[SourceQuality "1"]

1. e4 e6 2. d4 d5 3. Nd2 Nf6 4. e5 Nfd7 5. f4 c5 6. c3 Nc6 7. Ndf3 cxd4 8. cxd4 Qb6 9. g3 Bb4+ 10. Kf2 f6 11. Bh3 fxe5 12. Bxe6 Nxd4 13. Nxd4 Qxd4+ 14. Qxd4 1/2-1/2

[Event "Montcalm V 2007-08"]
[Site "Quebec CAN"]
[Date "2008.03.13"]
[Round "5"]
[White "Caron, Sebastien"]
[Black "Auger, Bertrand"]
[Result "1/2-1/2"]
[WhiteElo "1936"]
[BlackElo "2001"]
[PlyCount "42"]
[GameId "2160767910413538"]
[EventDate "2008.02.14"]
[EventType "swiss"]
[EventRounds "5"]
[EventCountry "CAN"]
[SourceTitle "EXT 2011"]
[Source "ChessBase"]
[SourceDate "2011.11.26"]
[SourceVersion "1"]
[SourceVersionDate "2011.11.26"]
[SourceQuality "1"]

1. e4 Nf6 2. e5 Nd5 3. c4 Nb6 4. d4 d6 5. f4 dxe5 6. fxe5 Nc6 7. Nf3 Bg4 8. Be3 e6 9. Be2 Be7 10. O-O O-O 11. Nc3 Qd7 12. Qd2 Rad8 13. Rad1 Qc8 14. Qe1 Na5 15. Qg3 Bf5 16. Nd2 c5 17. Rxf5 exf5 18. Bh6 g6 19. Bxf8 Bxf8 20. d5 Re8 21. b3 Nd7 1/2-1/2

[Event "Montcalm V 2007-08"]
[Site "Quebec CAN"]
[Date "2008.03.13"]
[Round "5"]
[White "Chiffot, Nicolas"]
[Black "Cournoyer, Dominic"]
[Result "0-1"]
[WhiteElo "1923"]
[BlackElo "1917"]
[PlyCount "120"]
[GameId "2160767910413539"]
[EventDate "2008.02.14"]
[EventType "swiss"]
[EventRounds "5"]
[EventCountry "CAN"]
[SourceTitle "EXT 2011"]
[Source "ChessBase"]
[SourceDate "2011.11.26"]
[SourceVersion "1"]
[SourceVersionDate "2011.11.26"]
[SourceQuality "1"]

1. e4 d5 2. exd5 Nf6 3. d4 Nxd5 4. Nf3 g6 5. c4 Nb6 6. Nc3 Bg7 7. Bf4 c6 8. Qd2 O-O 9. Bh6 N8d7 10. h4 Nf6 11. h5 Ng4 12. Bxg7 Kxg7 13. Ng5 h6 14. Nxf7 Rxf7 15. f3 g5 16. O-O-O Nf6 17. Qc2 Kh8 18. Bd3 Be6 19. Qe2 Qd7 20. g4 Rg7 21. Rhe1 Bg8 22. Bf5 Qc7 23. b3 Bh7 24. Bg6 Rd8 25. Qd3 Nbd7 26. Rd2 b5 27. Nd1 bxc4 28. Qxc4 Nb6 29. Qc5 Qd6 30. Qc2 Nbd5 31. Nb2 Qa3 32. Kd1 Qxa2 33. Qc4 Nb6 34. Qc2 Nbd5 35. Qc4 Nf4 36. Bxh7 Qa1+ 37. Qc1 Qxc1+ 38. Kxc1 Kxh7 39. Nc4 Rc8 40. Kc2 c5 41. dxc5 Rxc5 42. Ra1 Rc7 43. Ra6 N6d5 44. Kb2 e6 45. Na3 Rgd7 46. Nb5 Rb7 47. Na3 Ne3 48. Rad6 Rxd6 49. Rxd6 a5 50. Kc3 Ned5+ 51. Kc4 Rb4+ 52. Kc5 Rxb3 53. Nc4 Rb7 54. Kc6 Rc7+ 55. Kb5 Nc3+ 56. Kb6 Rxc4 57. Rd7+ Kg8 58. Rd8+ Kf7 59. Rd7+ Kf6 60. Rh7 Nfd5+ 0-1

[Event "Montcalm V 2007-08"]
[Site "Quebec CAN"]
[Date "2008.03.13"]
[Round "5"]
[White "Dumont, Eric"]
[Black "Dube, Daniel"]
[Result "0-1"]
[WhiteElo "1658"]
[BlackElo "1536"]
[PlyCount "84"]
[GameId "2160767910413540"]
[EventDate "2008.02.14"]
[EventType "swiss"]
[EventRounds "5"]
[EventCountry "CAN"]
[SourceTitle "EXT 2011"]
[Source "ChessBase"]
[SourceDate "2011.11.26"]
[SourceVersion "1"]
[SourceVersionDate "2011.11.26"]
[SourceQuality "1"]

1. d4 Nf6 2. Bf4 g6 3. e3 Bg7 4. h3 d6 5. Nf3 O-O 6. c3 Nbd7 7. Nbd2 Qe8 8. Bc4 e5 9. dxe5 dxe5 10. Bh2 h6 11. Qc2 Qe7 12. Nh4 Kh7 13. g4 Nxg4 14. Nf5 Qf6 15. hxg4 gxf5 16. gxf5 Kh8 17. O-O-O Nc5 18. e4 c6 19. Nf3 Qe7 20. Nxe5 Bxe5 21. Bxe5+ Qxe5 22. Rxh6+ Kg7 23. Rdh1 Nxe4 24. Rh7+ Kf6 25. R1h6+ Ke7 26. f6+ Nxf6 27. Qd2 Nxh7 28. f4 Qe4 29. Qd6+ Ke8 30. Bd3 Qd5 31. Qxd5 cxd5 32. Rxh7 Bd7 33. Kd2 Ke7 34. Rh5 Bc6 35. Ke3 Kd6 36. Kd4 f6 37. Rh7 Rae8 38. c4 dxc4 39. Kxc4 Rh8 40. Rg7 Reg8 41. Rg6 Rxg6 42. Bxg6 Rh4 0-1